Informačné a komunikačné technológie v marketingovom výskume

Na minha lista:
Detalhes bibliográficos
Autor principal: Žák, Štefan, 1971-
Outros Autores: Mariaš, Miroslav, Pajtinková - Bartáková, Gabriela, Babiak, Martin
Formato: Livro
Idioma:eslovaco
Publicado em: Bratislava Daniel NETRI 2008
Assuntos:
Tags: Adicionar Tag
Sem tags, seja o primeiro a adicionar uma tag!

MARC

LEADER 00000nam$a2200000$$$4500
001 0093946
005 20240502072040.0
020 |a 978-80-969567-5-3 
041 0 |a slo 
044 |a SK 
245 1 0 |a Informačné a komunikačné technológie v marketingovom výskume  |c Štefan Žák 
264 1 |a Bratislava  |b Daniel NETRI  |c 2008 
300 |a 84 s. 
610 2 0 |a technológie informačné 
610 2 0 |a technológie komunikačné 
610 2 0 |a výskum marketingový 
100 1 |a Žák, Štefan, 1971- 
700 1 |a Mariaš, Miroslav 
700 1 |a Pajtinková - Bartáková, Gabriela 
700 1 |a Babiak, Martin